Psychology for teaching (Record no. 2205)
[ view plain ]
| 000 -LEADER | |
|---|---|
| fixed length control field | nam a22 a 4500 |
| 005 - DATE AND TIME OF LATEST TRANSACTION | |
| control field | 20170515154023.0 |
| 008 - FIXED-LENGTH DATA ELEMENTS--GENERAL INFORMATION | |
| fixed length control field | 170515s1984 xxu ||b 001 ||eng d |
| 020 ## - INTERNATIONAL STANDARD BOOK NUMBER | |
| International Standard Book Number | 0534044646 |
| 040 ## - CATALOGING SOURCE | |
| Original cataloging agency | AKMAL |
| 082 ## - DEWEY DECIMAL CLASSIFICATION NUMBER | |
| Classification number | 370.15 LEF |
| 090 ## - LOCALLY ASSIGNED LC-TYPE CALL NUMBER (OCLC); LOCAL CALL NUMBER (RLIN) | |
| Classification number (OCLC) (R) ; Classification number, CALL (RLIN) (NR) | 370.15 |
| Local cutter number (OCLC) ; Book number/undivided call number, CALL (RLIN) | LEF |
| 100 1# - MAIN ENTRY--PERSONAL NAME | |
| Personal name | Lefrançois, Guy R. |
| 9 (RLIN) | 4639 |
| 245 00 - TITLE STATEMENT | |
| Title | Psychology for teaching |
| Statement of responsibility, etc. | GUY R. LEFRANCOIS |
| 260 ## - PUBLICATION, DISTRIBUTION, ETC. | |
| Place of publication, distribution, etc. | Belmont, Calif. |
| Name of publisher, distributor, etc. | Wadsworth Pub. Co., |
| Date of publication, distribution, etc. | 1985 |
| 300 ## - PHYSICAL DESCRIPTION | |
| Dimensions | cm |
| 942 ## - ADDED ENTRY ELEMENTS (KOHA) | |
| Source of classification or shelving scheme | |
| Koha item type | Book |
| Withdrawn status | Lost status | Source of classification or shelving scheme | Damaged status | Not for loan | Collection code | Home library | Current library | Shelving location | Date acquired | Inventory number | Total Checkouts | Full call number | Barcode | Date last seen | Price effective from | Koha item type |
|---|---|---|---|---|---|---|---|---|---|---|---|---|---|---|---|---|
| NON-FICTION | AKMAL Melaka | AKMAL Melaka | PINJAMAN | 15.05.2017 | 300785 | 370.15 LEF | 201706584 | 15.05.2017 | 15.05.2017 | Book | ||||||
| NON-FICTION | AKMAL Melaka | AKMAL Melaka | PINJAMAN | 15.05.2017 | 300786 | 370.15 LEF | 201706586 | 15.05.2017 | 15.05.2017 | Book |
